| 000 | 00536nam a22001697a 4500 | ||
|---|---|---|---|
| 003 | OSt | ||
| 005 | 20221110190940.0 | ||
| 008 | 221006b |||||||| |||| 00| 0 eng d | ||
| 020 | _a0 295 95879 0 | ||
| 040 | _cBiblioteca Lado V | ||
| 082 |
_a708 _bF663s |
||
| 100 |
_9373 _aFoley, Suzanne _eeditor |
||
| 245 |
_aSpace Time Sound/ _bConceptual ART in the San Francisco Bay Area: the 1970s/ |
||
| 260 |
_aWhashinton D.C. _bSan Francisco Modern Art _c1981 |
||
| 300 |
_c22x28 _a208p. |
||
| 942 |
_2ddc _c1 _h708 _iF663s _n0 |
||
| 999 |
_c2575 _d2575 |
||